[Event "Detroit (Class A/4/4)"]
[Site "?"]
[Date "1996.??.??"]
[Round "?"]
[White "Bauerle, Paul"]
[Black "Mankiewicz, Ryan"]
[Result "1/2-1/2"]
[WhiteElo "1900"]
[BlackElo "1995"]
[PlyCount "85"]
[EventDate "1996.??.??"]

{4/(4)} 1. d4 d6 2. c4 e5 3. dxe5 dxe5 4. Qxd8+ Kxd8 5. Nf3 f6 6. Nc3 Be6 7. e4
Bb4 8. Bd2 c6 9. O-O-O Nd7 10. Kb1 Bxc3 11. Bxc3 Kc7 12. Bb4 c5 13. Ba3 Ne7 14.
b4 b6 15. Nd2 Nc6 16. bxc5 Nxc5 17. Bxc5 bxc5 18. Nb3 Rab8 19. Kc1 Nd4 20. Nxc5
Bc8 21. Rd3 Rb4 22. Ra3 Kc6 23. Na6 Bxa6 24. Rxa6+ Kc5 25. Rxa7 Rhb8 26. Bd3
Rb2 27. Ra5+ Kc6 28. Rb5 R2xb5 29. cxb5+ Nxb5 30. Bxb5+ Kxb5 31. Rd1 Rb7 32.
Kc2 Kc4 33. f3 Ra7 34. Kb2 Rb7+ 35. Ka1 Kc3 36. a3 Kc2 37. Re1 Ra7 38. Ka2 Rb7
39. Re2+ Kc3 40. Re3+ Kc4 41. a4 Rd7 42. Rb3 Rd2+ 43. Ka3 1/2-1/2

[Event "Detroit (Class A/2/13)"]
[Site "?"]
[Date "1996.??.??"]
[Round "?"]
[White "Bauerle, Paul"]
[Black "Aldrich, Jeff"]
[Result "1-0"]
[WhiteElo "1900"]
[BlackElo "1915"]
[PlyCount "101"]
[EventDate "1996.??.??"]

{2/(13)} 1. d4 d5 2. c4 c6 3. cxd5 cxd5 4. Nc3 Nc6 5. Nf3 Bg4 6. e3 e6 7. Qb3
Qc7 8. Ne5 Nf6 9. Bb5 Bd6 10. Nxg4 Nxg4 11. Be2 Nf6 12. Nb5 Qe7 13. Nxd6+ Qxd6
14. O-O Rb8 15. Rd1 O-O 16. Bd2 Rfc8 17. Rdc1 Ne4 18. Be1 Qd8 19. f3 Nd6 20.
Bg3 Na5 21. Qb4 Rxc1+ 22. Rxc1 Rc8 23. Rxc8 Nxc8 24. Qb5 a6 25. Qc5 b6 26. Qc3
h6 27. Bc7 Qg5 28. Bxa6 Ne7 29. Bf4 Qh5 30. Qc7 Qh4 31. g3 Qf6 32. Kf2 Ng6 33.
Bd3 Nc4 34. b3 e5 35. Qb8+ Nf8 36. dxe5 Qc6 37. bxc4 dxc4 38. Be4 Qb5 39. e6
Qb2+ 40. Kg1 Qc1+ 41. Kg2 Qb2+ 42. Kh3 Qf6 43. e7 Qxe7 44. Bd6 Qe6+ 45. Kg2 g6
46. Bxf8 c3 47. Bb4+ Kh7 48. Bxc3 f6 49. Qb7+ Kh8 50. Bxg6 Qxa2+ 51. Kg1 1-0

[Event "Kalamazoo (MI Am/5/27)"]
[Site "?"]
[Date "1996.??.??"]
[Round "?"]
[White "Bassett, J."]
[Black "Stark, A."]
[Result "0-1"]
[WhiteElo "1605"]
[BlackElo "1605"]
[PlyCount "102"]
[EventDate "1996.??.??"]

{5/(27)} 1. e4 e5 2. Nf3 Nc6 3. Nc3 d6 4. d3 Bg4 5. Be2 Be7 6. Be3 Nf6 7. O-O
Qd7 8. d4 exd4 9. Nxd4 Nxd4 10. Bxd4 Bxe2 11. Nxe2 Nxe4 12. Nc3 Bf6 13. Bxf6
Nxf6 14. Qe2+ Qe7 15. Rfe1 Qxe2 16. Rxe2+ Kd7 17. Rae1 Rhe8 18. Ne4 Nxe4 19. f3
Nf6 20. g4 g5 21. h3 h5 22. gxh5 Nxh5 23. Re4 Nf4 24. h4 Nh3+ 25. Kg2 f5 26.
R4e3 f4 27. Re4 Rxe4 28. Rxe4 d5 29. Rd4 Kd6 30. Kxh3 Re8 31. hxg5 Re3 32. Rxf4
c5 33. g6 Re8 34. Rg4 b5 35. g7 Rg8 36. f4 d4 37. f5 Ke7 38. Rg6 Kf7 39. Kh4
Rxg7 40. Kh5 Rh7+ 41. Kg5 Rg7 42. Kh6 Rxg6+ 43. fxg6+ Kg8 44. g7 c4 45. c3 d3
46. b3 d2 47. a4 d1=Q 48. bxc4 bxa4 49. c5 a3 50. c6 Qd8 51. c4 a2 0-1

[Event "Kalamazoo (MI Am/4/25)"]
[Site "?"]
[Date "1996.??.??"]
[Round "?"]
[White "Bassett, J."]
[Black "Dumas, Steve"]
[Result "0-1"]
[WhiteElo "1605"]
[BlackElo "1605"]
[PlyCount "46"]
[EventDate "1996.??.??"]

{4/(25)} 1. e4 e5 2. Nf3 Nc6 3. Be2 b6 4. O-O Bb7 5. Nc3 Nf6 6. d3 h6 7. Be3
Ne7 8. d4 Ng4 9. dxe5 Nxe3 10. fxe3 Ng8 11. e6 dxe6 12. e5 Bc5 13. Kf2 Qe7 14.
Ke1 Bxf3 15. Bxf3 Rd8 16. Qe2 Qh4+ 17. Rf2 Qg5 18. Rd1 Rxd1+ 19. Kxd1 Ne7 20.
Nb5 Qxe5 21. Bc6+ Nxc6 22. Qd3 O-O 23. Rf3 Rd8 0-1

[Event "Detroit (Class B/4/6)"]
[Site "?"]
[Date "1996.??.??"]
[Round "?"]
[White "Barta, Roger"]
[Black "McGrath, Michael"]
[Result "0-1"]
[WhiteElo "1675"]
[BlackElo "1730"]
[PlyCount "52"]
[EventDate "1996.??.??"]

{4/(6)} 1. e4 e5 2. Nf3 d6 3. Bc4 Be7 4. d4 exd4 5. Nxd4 Nf6 6. Nc3 O-O 7. Bf4
Nbd7 8. Nf5 Nc5 9. Nxe7+ Qxe7 10. f3 Be6 11. Nd5 Bxd5 12. Bxd5 Nxd5 13. Qxd5
Qf6 14. Be3 Qxb2 15. O-O b6 16. Bxc5 dxc5 17. Rfd1 Qxc2 18. Rd2 Qc3 19. Rad1
Qf6 20. Qb7 c4 21. e5 Qxe5 22. Rd7 c5 23. Kf1 Rae8 24. Qxa7 c3 25. Qa4 Qe2+ 26.
Kg1 c2 0-1

[Event "Cadillac Open/4/10"]
[Site "?"]
[Date "1996.??.??"]
[Round "?"]
[White "Barta, Roger"]
[Black "LaFata, Sam"]
[Result "0-1"]
[WhiteElo "1675"]
[BlackElo "1995"]
[PlyCount "76"]
[EventDate "1996.??.??"]

{4/10} 1. e4 e5 2. Nf3 Nc6 3. Bc4 Nf6 4. d3 Be7 5. Nc3 O-O 6. Be3 d6 7. Qd2 Na5
8. Bb3 Nxb3 9. axb3 a6 10. O-O Ng4 11. Bg5 Bxg5 12. Nxg5 h6 13. Nh3 f5 14. f4
Be6 15. fxe5 dxe5 16. Nf2 f4 17. Nxg4 Bxg4 18. h3 Bh5 19. Kh2 Qd6 20. Qf2 g5
21. Nd5 Rad8 22. g4 Bf7 23. Nc3 Be6 24. Kg2 Kg7 25. Kf3 Rh8 26. Rh1 Kf6 27.
Rad1 h5 28. d4 exd4 29. e5+ Qxe5 30. Rhe1 hxg4+ 31. hxg4 Rh3+ 32. Kg2 Re3 33.
Ne2 Bd5+ 34. Kf1 Rh8 35. Ng1 Rh1 36. c4 Be4 37. Rxe3 dxe3 38. Qe2 Qc5 0-1

[Event "Detroit (Class B/2/3)"]
[Site "?"]
[Date "1996.??.??"]
[Round "?"]
[White "Barta, Roger"]
[Black "Johnston, Rowland"]
[Result "0-1"]
[WhiteElo "1675"]
[BlackElo "1750"]
[PlyCount "48"]
[EventDate "1996.??.??"]

{2/(3)} 1. e4 c6 2. d4 d5 3. e5 Bf5 4. Bd3 Bxd3 5. Qxd3 e6 6. Ne2 Qb6 7. O-O c5
8. c3 Nc6 9. b3 Nge7 10. Bg5 Nf5 11. Rd1 Rc8 12. Ng3 Nh6 13. Bc1 cxd4 14. Bxh6
gxh6 15. cxd4 Nb4 16. Qf3 Nc2 17. Rc1 Qxd4 18. Qf6 Rg8 19. Nf5 exf5 20. Qxf5
Rc6 21. g3 Qxa1 22. Kg2 Ne3+ 23. fxe3 Qb2+ 24. Kh3 Qxc1 0-1

[Event "Cadillac Open/2/9"]
[Site "?"]
[Date "1996.??.??"]
[Round "?"]
[White "Barta, Roger"]
[Black "Hater, David"]
[Result "1/2-1/2"]
[WhiteElo "1675"]
[BlackElo "2000"]
[PlyCount "117"]
[EventDate "1996.??.??"]

{2/9} 1. e4 e5 2. Nf3 Nc6 3. Bc4 Bc5 4. Nc3 Nf6 5. d3 d6 6. O-O Na5 7. Bg5 Nxc4
8. dxc4 Be6 9. b3 h6 10. Bxf6 Qxf6 11. Nd5 Qd8 12. Qd3 O-O 13. Rfd1 Bg4 14. h3
Bh5 15. b4 Bb6 16. a4 c6 17. Nxb6 Qxb6 18. Qxd6 Bxf3 19. gxf3 Rfe8 20. a5 Qa6
21. b5 cxb5 22. Qxa6 bxa6 23. c5 Red8 24. Rd5 Rac8 25. Rad1 Rxd5 26. Rxd5 f6
27. Kf1 Kf8 28. Ke2 Ke7 29. Kd3 Rd8 30. Kc3 Rd7 31. Kb4 Ke6 32. c6 Rc7 33. Kc5
Ke7 34. Rd6 Ke8 35. Kd5 Ke7 36. Re6+ Kd8 37. Kd6 Rc8 38. Re7 Rxc6+ 39. Kxc6
Kxe7 40. Kb7 Kd6 41. Kxa7 b4 42. Kxa6 Kc6 43. Ka7 Kc7 44. a6 g6 45. h4 h5 46.
f4 exf4 47. f3 g5 48. e5 fxe5 49. hxg5 e4 50. g6 exf3 51. g7 f2 52. g8=Q f1=Q
53. Qf7+ Kd6 54. Qf6+ Kd5 55. Kb7 Qb5+ 56. Qb6 Qd7+ 57. Qc7 Qb5+ 58. Qb6 Qd7+
59. Qc7 1/2-1/2

[Event "Detroit (MI Women/2/6)"]
[Site "?"]
[Date "1996.??.??"]
[Round "?"]
[White "Barone, C."]
[Black "Zarzycki, Amanda"]
[Result "1-0"]
[WhiteElo "1605"]
[BlackElo "1605"]
[PlyCount "109"]
[EventDate "1996.??.??"]

{2/(6)} 1. e4 e5 2. Nf3 Nc6 3. Bd3 Nf6 4. O-O Bc5 5. Nc3 d6 6. b3 Be6 7. Ng5
Bg4 8. Be2 Bxe2 9. Qxe2 Nd4 10. Qc4 O-O 11. b4 Bb6 12. d3 Ne2+ 13. Nxe2 d5 14.
exd5 Nxd5 15. h3 a6 16. Qg4 Nf6 17. Qf5 g6 18. Qxe5 Re8 19. Qc3 Rxe2 20. Bb2
Bxf2+ 21. Rxf2 Rxf2 22. Kxf2 Kg7 23. Qxf6+ Qxf6+ 24. Bxf6+ Kxf6 25. Ne4+ Kg7
26. Re1 Re8 27. Ng3 Rxe1 28. Kxe1 f5 29. Ne2 g5 30. g3 b6 31. g4 f4 32. Nd4 c5
33. Ne6+ Kf6 34. Nc7 cxb4 35. Kd2 f3 36. Ke3 h5 37. gxh5 Kf5 38. Kxf3 a5 39. a4
Ke5 40. Kg4 Kf6 41. h4 gxh4 42. Kxh4 Kg7 43. Nd5 b5 44. axb5 a4 45. Nxb4 a3 46.
b6 a2 47. Nxa2 Kh6 48. b7 Kg7 49. b8=Q Kh7 50. c4 Kh6 51. c5 Kh7 52. c6 Kh6 53.
c7 Kh7 54. c8=R Kh6 55. Rh8+ 1-0

[Event "Detroit (MI Women/4/5)"]
[Site "?"]
[Date "1996.??.??"]
[Round "?"]
[White "Barone, C."]
[Black "Rahal, N."]
[Result "0-1"]
[WhiteElo "1605"]
[BlackElo "1605"]
[PlyCount "44"]
[EventDate "1996.??.??"]

{4/(5)} 1. e4 e5 2. Nf3 Nc6 3. g3 Nf6 4. Bg2 Bc5 5. O-O Nxe4 6. Nc3 Nxc3 7.
dxc3 d6 8. Nh4 O-O 9. a3 g6 10. Bh6 Re8 11. Qf3 e4 12. Qe2 e3 13. Bxc6 bxc6 14.
Qf3 exf2+ 15. Rxf2 Bxf2+ 16. Qxf2 Rb8 17. Rf1 Be6 18. Nf5 Bxf5 19. Qd4 f6 20.
Rxf5 Qe7 21. h3 gxf5 22. Qf4 Rxb2 {[Remainder illegible; 0-1, 44?]} 0-1

[Event "Flint (MI Jr/5/13)"]
[Site "?"]
[Date "1996.??.??"]
[Round "?"]
[White "Banks, David"]
[Black "Roberts, Andy"]
[Result "1-0"]
[WhiteElo "1605"]
[BlackElo "1605"]
[PlyCount "121"]
[EventDate "1996.??.??"]

{5/(13)} 1. e4 e5 2. Nf3 Nc6 3. Bc4 Bc5 4. c3 h6 5. d4 exd4 6. cxd4 Bb6 7. a3
d6 8. Nc3 Bg4 9. d5 Ne5 10. Be2 Qf6 11. O-O Nxf3+ 12. Bxf3 Bxf3 13. Qxf3 Qxf3
14. gxf3 Nf6 15. Kh1 O-O 16. Rg1 Kh8 17. Bd2 Rfe8 18. Ne2 Rac8 19. Ng3 Bd4 20.
Nf5 Be5 21. Rab1 Rg8 22. Ne7 Rce8 23. Nxg8 Nxg8 24. Be3 a6 25. b4 Ne7 26. Rbe1
Ng6 27. Rg4 Bf6 28. Rc1 Rc8 29. a4 b5 30. a5 Ne5 31. Rg3 Nd3 32. Rb1 Ne5 33. f4
Nd3 34. f3 Bc3 35. Rb3 Bxb4 36. Rxd3 Bxa5 37. e5 Be1 38. Rh3 dxe5 39. fxe5 Rd8
40. Bxh6 gxh6 41. Rxh6+ Kg7 42. Rxa6 b4 43. f4 Kh7 44. f5 Bc3 45. e6 fxe6 46.
fxe6 Re8 47. Rc6 Re7 48. Rcxc3 bxc3 49. Rxc3 Kg6 50. Rf3 Kg7 51. h4 Kg6 52. Kh2
Kg7 53. h5 Kh7 54. Kh3 Kg7 55. Kh4 Kh7 56. Kg5 Kg7 57. h6+ Kh7 58. Rf7+ Rxf7
59. exf7 Kh8 60. f8=Q+ Kh7 61. Qg7# 1-0

[Event "Flint (MI Jr/2/21)"]
[Site "?"]
[Date "1996.??.??"]
[Round "?"]
[White "Banks, David"]
[Black "Richardson, M."]
[Result "1-0"]
[WhiteElo "1605"]
[BlackElo "1605"]
[PlyCount "61"]
[EventDate "1996.??.??"]

{2/(21)} 1. e4 d5 2. exd5 Qxd5 3. Nc3 Qe5+ 4. Be2 Bg4 5. d4 Qa5 6. Bxg4 Nf6 7.
Bf4 Qb6 8. b3 Nc6 9. d5 Rd8 10. Na4 Qb4+ 11. Bd2 Qe4+ 12. Qe2 Qxg2 13. Bf3 Qg6
14. dxc6 bxc6 15. Bxc6+ Nd7 16. Bxd7+ Rxd7 17. O-O-O Qc6 18. Nf3 e6 19. Ne5
Ba3+ 20. Kb1 Qxc2+ 21. Kxc2 Ke7 22. Bb4+ Bxb4 23. Rxd7+ Kf6 24. Ng4+ Kf5 25.
Qf3+ Kg6 26. Ne5+ Kh6 27. Qf4+ g5 28. Nxf7+ Kg7 29. Qxg5+ Kf8 30. Nxh8 Ke8 31.
Qd8# 1-0

[Event "Flint (MI Jr/5/8)"]
[Site "?"]
[Date "1996.??.??"]
[Round "?"]
[White "Baker, T."]
[Black "Fowler, B."]
[Result "0-1"]
[WhiteElo "1605"]
[BlackElo "1605"]
[PlyCount "100"]
[EventDate "1996.??.??"]

{5/(8)} 1. e4 c6 2. d4 d5 3. e5 Bf5 4. Nf3 e6 5. Bg5 Ne7 6. Be2 Nd7 7. O-O Qb6
8. Qc1 c5 9. Be3 Nc6 10. c3 Be7 11. Qd2 O-O 12. h3 Rac8 13. Re1 cxd4 14. Nxd4
Nxd4 15. Bxd4 Bc5 16. Bd1 Bxd4 17. cxd4 Rc4 18. f3 Rxd4 19. Qf2 Rb4 20. Qxb6
Nxb6 21. Bb3 Nc4 22. Re2 Rc8 23. Bxc4 Rbxc4 24. Na3 Rc1+ 25. Rxc1 Rxc1+ 26. Kf2
a6 27. Rd2 b5 28. Rd4 Ra1 29. Rb4 Rxa2 30. Ke2 Ra1 31. Rb3 Rc1 32. Rb4 Rc5 33.
Ke3 Kf8 34. Kd4 Rc1 35. g4 Bg6 36. h4 h5 37. g5 Ke8 38. Ke3 Kd7 39. Kd2 Rc5 40.
Rd4 Kc7 41. Kd1 Kb6 42. Rd2 b4 43. Nc2 Bxc2+ 44. Rxc2 Rxc2 45. Kxc2 Kb5 46. b3
a5 47. f4 a4 48. f5 a3 49. g6 fxg6 50. fxe6 Kc6 0-1

[Event "Flint (MI Jr/3/7)"]
[Site "?"]
[Date "1996.??.??"]
[Round "?"]
[White "Baker, T."]
[Black "Boyle, John"]
[Result "1-0"]
[WhiteElo "1605"]
[BlackElo "1605"]
[PlyCount "113"]
[EventDate "1996.??.??"]

{3/(7)} 1. e4 c5 2. Nf3 d6 3. d4 cxd4 4. Nxd4 Nf6 5. Nc3 g6 6. Be2 Bg7 7. O-O
O-O 8. Be3 Nc6 9. h3 Bd7 10. Qd2 a6 11. a4 Rc8 12. Rfd1 Ne5 13. Qc1 Nc4 14. Kh1
Nxe3 15. Qxe3 Rc5 16. Nb3 Rc6 17. Bd3 Qc8 18. Nd5 Qd8 19. Nb4 Rb6 20. Qe1 d5
21. exd5 Rd6 22. c4 e6 23. c5 Rxd5 24. Nxd5 Nxd5 25. Qd2 Bc6 26. Bc4 Qf6 27.
Nd4 Nf4 28. Nxc6 bxc6 29. Rab1 Qh4 30. Qe3 Bh6 31. Qg3 Qf6 32. Bxa6 Ra8 33. Bb7
Rxa4 34. Bxc6 Rb4 35. b3 Ne2 36. Qf3 Qxf3 37. Rd8+ Kg7 38. Bxf3 Nc3 39. Rb2 Na4
40. Ra2 Nxc5 41. Rb2 Na4 42. Rb1 Nc3 43. Rb2 Bg5 44. Rd3 Bf6 45. Kg1 Ne2+ 46.
Rxe2 h5 47. Re4 Rb8 48. b4 Be7 49. Rb3 Bd6 50. b5 Rc8 51. Rb1 Rb8 52. b6 Bc5
53. b7 f5 54. Ra4 e5 55. Ra8 Rxb7 56. Rxb7+ Kf6 57. g3 1-0

[Event "Lansing (MI Op/3/22)"]
[Site "?"]
[Date "1996.??.??"]
[Round "?"]
[White "Bailey, Greg"]
[Black "Williams, Ron"]
[Result "1-0"]
[WhiteElo "2000"]
[BlackElo "1905"]
[PlyCount "109"]
[EventDate "1996.??.??"]

{3/(22)} 1. d4 Nf6 2. Nf3 e6 3. Bg5 Be7 4. c4 b6 5. Nc3 Bb7 6. e3 d5 7. cxd5
Nxd5 8. Bxe7 Qxe7 9. Qa4+ c6 10. Nxd5 exd5 11. Bd3 O-O 12. Rc1 Nd7 13. O-O g6
14. Rc3 c5 15. Bb5 Nf6 16. dxc5 bxc5 17. Rfc1 Ne4 18. Rd3 Qf6 19. Qc2 Rad8 20.
Rdd1 Qe7 21. Qa4 Bc8 22. Bc6 Bg4 23. Bxd5 Bxf3 24. gxf3 Nf6 25. Bc4 Rxd1+ 26.
Rxd1 Qb7 27. Kg2 Qe7 28. Qc6 Rb8 29. Qd6 Qxd6 30. Rxd6 Kg7 31. b3 Rc8 32. e4
Rc7 33. a4 Nd7 34. a5 Ne5 35. a6 Nc6 36. f4 Na5 37. e5 Kf8 38. Kf3 Nc6 39. Ke4
Ke7 40. h4 Nd4 41. b4 Nc2 42. b5 Na3 43. Kd5 Nb1 44. Rc6 Nc3+ 45. Kxc5 Na4+ 46.
Kb4 Rxc6 47. bxc6 Nb6 48. Bb3 h6 49. Kc5 Nc8 50. Bd5 f6 51. c7 fxe5 52. fxe5
Kd7 53. Bb7 g5 54. Bxc8+ Kxc8 55. Kd6 1-0

[Event "Detroit (MEX/2/4)"]
[Site "?"]
[Date "1996.??.??"]
[Round "?"]
[White "Bailey, Greg"]
[Black "Ward, Tom"]
[Result "1/2-1/2"]
[WhiteElo "2035"]
[BlackElo "2210"]
[PlyCount "157"]
[EventDate "1996.??.??"]

{2/(4)} 1. Nf3 Nf6 2. c4 e6 3. Nc3 b6 4. e4 Bb7 5. e5 Ne4 6. Nxe4 Bxe4 7. d4
Bb4+ 8. Bd2 Nc6 9. a3 Bxd2+ 10. Nxd2 Bg6 11. Nf3 O-O 12. Bd3 Bxd3 13. Qxd3 f6
14. O-O-O a5 15. Rhe1 a4 16. Re4 f5 17. Re2 b5 18. cxb5 Ne7 19. Rc2 Nd5 20. Kb1
Qb8 21. g3 Ra5 22. Nd2 Rxb5 23. Ka1 Qb7 24. f4 Rb8 25. Rb1 g6 26. Ka2 Rb3 27.
Qc4 Ne3 28. Qxa4 Rb5 29. b4 Qd5+ 30. Kb2 Qxd4+ 31. Kc1 Nxc2 32. Qxc2 R8b6 33.
Nb3 Qe3+ 34. Kb2 Rc6 35. Qd2 Qxd2+ 36. Nxd2 d6 37. Re1 Kf7 38. Nf3 Rd5 39. exd6
Rcxd6 40. Rc1 c6 41. Ne5+ Ke8 42. Kb3 Rd2 43. h4 Rg2 44. Rc3 Kd8 45. Nf7+ Kc7
46. Nxd6 Kxd6 47. Rd3+ Kc7 48. Kc4 Re2 49. a4 e5 50. fxe5 Rxe5 51. a5 Re4+ 52.
Rd4 Re3 53. g4 fxg4 54. Rxg4 Re7 55. Kd4 Kd6 56. Re4 Rd7 57. Ke3 Rb7 58. Rc4
Kd5 59. Rd4+ Ke5 60. Kd3 h6 61. Kc4 g5 62. h5 Rb5 63. a6 Rb6 64. a7 Ra6 65. Rd7
g4 66. Rh7 Kf4 67. Rxh6 Rxa7 68. Rxc6 Rb7 69. h6 Kf3 70. Rf6+ Ke2 71. Rg6 Kf3
72. b5 g3 73. Rf6+ Ke2 74. Re6+ Kf2 75. Rf6+ Ke2 76. Rg6 Kf2 77. b6 g2 78. Rf6+
Ke1 79. Re6+ 1/2-1/2

[Event "Cadillac Open/2/15"]
[Site "?"]
[Date "1996.??.??"]
[Round "?"]
[White "Bailey, Greg"]
[Black "Smalec, Joseph"]
[Result "1-0"]
[WhiteElo "2000"]
[BlackElo "1605"]
[PlyCount "59"]
[EventDate "1996.??.??"]

{2/15} 1. f4 d5 2. Nf3 Nc6 3. d4 Bf5 4. e3 e6 5. c4 Bb4+ 6. Bd2 Bxd2+ 7. Nbxd2
Nb4 8. Qa4+ Nc6 9. Ne5 Nge7 10. cxd5 exd5 11. Bb5 Bd7 12. Nxd7 Qxd7 13. Nf3 O-O
14. Ne5 Qd6 15. Bxc6 Nxc6 16. Nxc6 bxc6 17. Rc1 Qe6 18. Kf2 Rab8 19. b3 Rfe8
20. Rhe1 Qg4 21. Qxc6 Qh4+ 22. Kg1 Rbc8 23. Qxd5 Re6 24. g3 Rg6 25. Qg2 Qe7 26.
e4 Qb4 27. Qf2 Qe7 28. d5 c6 29. e5 Rc7 30. d6 1-0

[Event "Flint (MI Ch Spon/2)"]
[Site "?"]
[Date "1996.??.??"]
[Round "?"]
[White "Bailey, Greg"]
[Black "Rodriguez, M."]
[Result "1-0"]
[WhiteElo "2005"]
[BlackElo "1605"]
[PlyCount "95"]
[EventDate "1996.??.??"]

1. Nf3 g6 2. c4 Bg7 3. g3 d6 4. Bg2 Nc6 5. O-O Nd4 6. Nxd4 Bxd4 7. e3 Bg7 8. d4
Nf6 9. Nc3 O-O 10. e4 c5 11. d5 Bd7 12. Qe2 Qc8 13. Re1 e6 14. dxe6 Bxe6 15.
Bf4 Ne8 16. Nb5 Be5 17. Rad1 Bxf4 18. gxf4 a6 19. Nxd6 Nxd6 20. Rxd6 Qc7 21. e5
Rad8 22. Red1 Rfe8 23. Rxd8 Rxd8 24. Bd5 Qd7 25. b3 Kg7 26. Kf1 Bxd5 27. cxd5
Qb5 28. Qxb5 axb5 29. Ke2 f5 30. d6 Kf7 31. Rd5 b6 32. d7 Ke7 33. Rd6 Rxd7 34.
Rxb6 Rd4 35. Rxb5 Rxf4 36. Rxc5 Re4+ 37. Kf3 g5 38. Rc7+ Ke6 39. Rxh7 Rf4+ 40.
Kg2 Kxe5 41. Re7+ Kd6 42. Re3 Kc5 43. a3 Kd4 44. Rg3 g4 45. h4 gxh3+ 46. Rxh3
Kc5 47. Rd3 Rg4+ 48. Kf1 1-0

[Event "Lansing (MI Op/1a/17)"]
[Site "?"]
[Date "1996.??.??"]
[Round "?"]
[White "Bailey, Greg"]
[Black "McCarter, Robert"]
[Result "1-0"]
[WhiteElo "2000"]
[BlackElo "1775"]
[PlyCount "95"]
[EventDate "1996.??.??"]

1. d4 Nf6 2. Nf3 b6 3. g3 Bb7 4. Bg2 e6 5. O-O Be7 6. c4 d6 7. Nc3 Nbd7 8. Qd3
c5 9. e4 cxd4 10. Qxd4 e5 11. Qe3 Qc7 12. Nd2 Rc8 13. b3 O-O 14. Bb2 Nc5 15.
Nb5 Qb8 16. Rad1 a6 17. Nc3 Qc7 18. Rfe1 Ng4 19. Qe2 Nh6 20. Nf1 f5 21. exf5
Nxf5 22. Nd5 Bxd5 23. Bxd5+ Kh8 24. f4 exf4 25. g4 Ne3 26. Nxe3 fxe3 27. Qxe3
Rce8 28. Qh6 Bf6 29. Bxf6 gxf6 30. Qxf6+ Rxf6 31. Rxe8+ Kg7 32. Rg8+ Kh6 33.
g5+ Kh5 34. gxf6 Nd7 35. f7 Qc5+ 36. Kh1 Qf2 37. Rg2 Qf4 38. Kg1 Qe3+ 39. Kh1
Qf4 40. Rdg1 Ne5 41. Rg3 Kh4 42. Rg7 h5 43. R7g3 Ng4 44. h3 Nf2+ 45. Kh2 Nxh3
46. f8=Q Qf2+ 47. R1g2 Qd4 48. Rxh3# 1-0

[Event "Cadillac Open/5/6"]
[Site "?"]
[Date "1996.??.??"]
[Round "?"]
[White "Bailey, Greg"]
[Black "Johnston, Rowland"]
[Result "1-0"]
[WhiteElo "2000"]
[BlackElo "1780"]
[PlyCount "99"]
[EventDate "1996.??.??"]

{5/6} 1. e4 c5 2. Nc3 Nc6 3. Bb5 a6 4. Bxc6 bxc6 5. Qf3 Qc7 6. d3 d6 7. Nge2
Nf6 8. h3 Rb8 9. O-O g6 10. b3 Bg7 11. Bb2 O-O 12. Na4 e5 13. c4 Be6 14. g4 h6
15. Qg3 Nh7 16. f4 exf4 17. Qxf4 Bxb2 18. Nxb2 Kg7 19. Ng3 Rbe8 20. Rae1 Bc8
21. Nd1 Ng5 22. Kg2 Ne6 23. Qf6+ Kh7 24. Ne3 Qe7 25. h4 Qxf6 26. Rxf6 Kg7 27.
Ref1 Re7 28. h5 Rd8 29. R6f2 Ng5 30. Rf6 d5 31. cxd5 cxd5 32. Nxd5 Rxd5 33.
exd5 Bxg4 34. R1f2 Re3 35. Ne4 Bf5 36. Rxa6 Rxd3 37. Nf6 Ne4 38. Nxe4 Bxe4+ 39.
Kh2 gxh5 40. d6 Rd1 41. Kg3 Rd3+ 42. Kf4 Bb7 43. Ra7 Rd4+ 44. Ke3 Re4+ 45. Kd3
Rd4+ 46. Kc3 Bd5 47. d7 Be6 48. Rd2 Bxd7 49. Rxd7 h4 50. a4 1-0

[Event "Flint (MI Ch Spon/4)"]
[Site "?"]
[Date "1996.??.??"]
[Round "?"]
[White "Bailey, Greg"]
[Black "Hemingway, D."]
[Result "1/2-1/2"]
[WhiteElo "2005"]
[BlackElo "1665"]
[PlyCount "90"]
[EventDate "1996.??.??"]

1. Nf3 b6 2. g3 Bb7 3. Bg2 Nc6 4. O-O Nf6 5. d4 e6 6. c4 g6 7. Nc3 Bg7 8. d5
Ne7 9. e4 O-O 10. Re1 exd5 11. exd5 Nf5 12. Qc2 h6 13. Bf4 d6 14. Rad1 Ng4 15.
Re2 Qd7 16. Rde1 Rae8 17. h3 Rxe2 18. Qxe2 Nf6 19. g4 Re8 20. Qd2 Rxe1+ 21.
Nxe1 g5 22. Bh2 Nh4 23. Bf1 Bc8 24. f3 Qe7 25. Bg3 Ng6 26. Nd3 a6 27. Kf2 Nd7
28. Ne4 Bd4+ 29. Kg2 Be5 30. b3 Bxg3 31. Nxg3 Nde5 32. Nxe5 Qxe5 33. Kf2 Nf4
34. Ne2 Nxe2 35. Qxe2 Qxe2+ 36. Bxe2 f5 37. Bd3 f4 38. Bg6 Kg7 39. Be4 Kf6 40.
Ke2 Ke5 41. Kd3 Bd7 42. a3 a5 43. b4 axb4 44. axb4 Ba4 45. Kc3 Bd1 1/2-1/2

[Event "Detroit (MEX/3/6)"]
[Site "?"]
[Date "1996.??.??"]
[Round "?"]
[White "Bailey, Greg"]
[Black "Gabbara, Faris"]
[Result "0-1"]
[WhiteElo "2035"]
[BlackElo "2200"]
[PlyCount "58"]
[EventDate "1996.??.??"]

{3/(6)} 1. Nf3 Nf6 2. c4 e6 3. Nc3 d5 4. cxd5 exd5 5. d4 Be7 6. Qc2 c6 7. Bg5
Nbd7 8. e3 O-O 9. Bd3 h6 10. Bxf6 Nxf6 11. O-O Re8 12. Ne5 Bd6 13. f4 Qe7 14.
Rf3 Be6 15. Re1 Rac8 16. a3 c5 17. Qf2 cxd4 18. exd4 Qd8 19. Bb1 a6 20. Ba2 Ne4
21. Nxe4 Bxe5 22. Nc5 Bf6 23. Nxb7 Qb6 24. Nc5 Bg4 25. Rxe8+ Rxe8 26. Rb3 Qa5
27. Re3 Rxe3 28. Qxe3 Bxd4 29. Kf1 Qb5+ 0-1

[Event "Lansing (MI Op/5/7)"]
[Site "?"]
[Date "1996.??.??"]
[Round "?"]
[White "Bailey, Greg"]
[Black "Fischvogt, Eric"]
[Result "0-1"]
[WhiteElo "2000"]
[BlackElo "2215"]
[PlyCount "92"]
[EventDate "1996.??.??"]

{5/(7)} 1. Nf3 Nf6 2. c4 g6 3. Nc3 Bg7 4. e4 d6 5. d4 O-O 6. Be2 e5 7. d5 a5 8.
h3 Na6 9. Be3 Nh5 10. Nh2 Nf4 11. Bf3 Nc5 12. Qd2 f5 13. O-O-O Nfd3+ 14. Kb1 f4
15. Bxc5 Nxc5 16. Bg4 Rf7 17. Nf3 Bf6 18. Bxc8 Qxc8 19. Rhe1 Be7 20. Nb5 h6 21.
Kc2 g5 22. Nh2 Bf8 23. f3 h5 24. b3 Rf6 25. a4 c6 26. Nc3 Be7 27. Qe2 Bd8 28.
Qd2 Bb6 29. g4 Na6 30. gxh5 Nb4+ 31. Kb1 Bd4 32. Ng4 Rf8 33. Ne2 Bc5 34. Rh1 b5
35. Qc3 Qe8 36. axb5 cxb5 37. Rd2 a4 38. Rb2 axb3 39. cxb5 Qxb5 40. Qxb3 Qa6
41. Kc1 Nd3+ 42. Kd1 Nxb2+ 43. Qxb2 Rfb8 44. Qc2 Qa1+ 45. Nc1 Rb2 46. Qc3 Bb4
0-1

[Event "Cadillac Open/4/9"]
[Site "?"]
[Date "1996.??.??"]
[Round "?"]
[White "Bailey, Greg"]
[Black "Egerton, B."]
[Result "1-0"]
[WhiteElo "2000"]
[BlackElo "1605"]
[PlyCount "67"]
[EventDate "1996.??.??"]

{4/9} 1. f4 Nf6 2. Nf3 g6 3. c4 Bg7 4. Nc3 O-O 5. d4 d6 6. e4 c5 7. d5 Nbd7 8.
Be2 a6 9. O-O Re8 10. e5 dxe5 11. fxe5 Ng4 12. e6 fxe6 13. Ng5 Ngf6 14. Nxe6
Qb6 15. Bf4 Qxb2 16. Na4 Qa3 17. Bc1 Qb4 18. a3 Ne4 19. axb4 Bxa1 20. Nc7 Bd4+
21. Kh1 Nf2+ 22. Rxf2 Bxf2 23. Nxe8 cxb4 24. Nc7 Rb8 25. Bg4 Nf6 26. Be6+ Kg7
27. Qd2 Bxe6 28. Nxe6+ Kf7 29. Qxf2 Rc8 30. Nb6 Rg8 31. Nd7 a5 32. Ne5+ Ke8 33.
Qb6 Nd7 34. Qd8# 1-0

[Event "Flint (MI Jr Spon/2)"]
[Site "?"]
[Date "1996.??.??"]
[Round "?"]
[White "Bailey, Greg"]
[Black "Belill, Mike"]
[Result "0-1"]
[WhiteElo "2005"]
[BlackElo "1605"]
[PlyCount "71"]
[EventDate "1996.??.??"]

1. d4 d5 2. c4 e5 3. dxe5 d4 4. Nf3 Nc6 5. g3 Bg4 6. Bg2 Qd7 7. O-O O-O-O 8.
Nbd2 Bh3 9. Bxh3 Qxh3 10. Ng5 Qf5 11. f4 h6 12. Ngf3 Bc5 13. Kg2 h5 14. Nh4 Qd7
15. Ndf3 Nh6 16. a3 Ng4 17. b4 Be7 18. Qd3 Bxh4 19. gxh4 Ne7 20. h3 Ne3+ 21.
Bxe3 dxe3 22. Qxe3 Nf5 23. Qxa7 Qc6 24. Qf2 Rh6 25. c5 Rg6+ 26. Kh2 Qe4 27. Ng5
Qc4 28. Rac1 Qa2 29. Rfd1 Qxa3 30. Ra1 Qxa1 31. Rxa1 Rd2 32. Nf3 Rb2 33. Rg1
Ra6 34. Nd4 Raa2 35. Rg2 Nxd4 36. Qxd4 0-1

[Event "Flint (MI Jr Spon/4)"]
[Site "?"]
[Date "1996.??.??"]
[Round "?"]
[White "Bailey, Greg"]
[Black "Belill, Matt"]
[Result "1-0"]
[WhiteElo "2005"]
[BlackElo "1605"]
[PlyCount "109"]
[EventDate "1996.??.??"]

1. Nf3 d5 2. g3 Nf6 3. Bg2 Bg4 4. d3 Nc6 5. Nbd2 Qd7 6. c4 Bh3 7. O-O Bxg2 8.
Kxg2 O-O-O 9. cxd5 Qxd5 10. Qb3 Qh5 11. Nc4 e6 12. Be3 Bc5 13. Bxc5 Qxc5 14.
Rfc1 Ng4 15. Rf1 Nd4 16. Nxd4 Qxd4 17. Nd2 Qe5 18. Rae1 Rd7 19. Nf3 Qf6 20. Qa4
Ne5 21. Nxe5 Qxe5 22. Qxa7 Rdd8 23. Qa8+ Kd7 24. Qa4+ c6 25. Qb3 Kc7 26. Qc3
Qh5 27. Qxg7 Rhg8 28. Qf6 Kb8 29. Qf3 Rd5 30. Qxh5 Rxh5 31. d4 Rg4 32. e3 Rgg5
33. Rc1 Rb5 34. Rc2 Rhf5 35. Rfc1 Rf6 36. a3 h5 37. h4 Rg6 38. b4 Rb6 39. Rc5
Ra6 40. R1c3 Kc7 41. Rxh5 Ra8 42. Rh7 Rf8 43. b5 Kb6 44. bxc6 bxc6 45. Rh5 Rc8
46. Rb3+ Ka6 47. Rc5 f5 48. Kf3 Rh6 49. Rb4 Rg6 50. Rbc4 Kb6 51. a4 Kb7 52.
Rb4+ Ka6 53. a5 Rg7 54. Rb6+ Ka7 55. Rcxc6 1-0